Statistics for Diplomatic Missions of Uzbekistan

Click here to take the quiz!

General Stats

  • This quiz has been taken 47 times
  • The average score is 72 of 92

Answer Stats

MissionAnswer% Correct
CountryRussia
100%
CountryFrance
97%
CountryGermany
97%
CountryUnited States
97%
EmbassyBerlin
94%
CountryKazakhstan
94%
CountryUnited Kingdom
94%
CountryIndia
91%
CountryJapan
91%
CountryKyrgyzstan
91%
EmbassyMoscow
91%
EmbassyParis
91%
EmbassyTokyo
91%
CountryTurkmenistan
91%
CountryAfghanistan
89%
EmbassyNew Delhi
89%
EmbassyNur-Sultan
89%
Consulate-GeneralSaint Petersburg
89%
CountrySouth Korea
89%
CountrySpain
89%
CountryTajikistan
89%
EmbassyBeijing
86%
CountryChina
86%
Consulate-GeneralFrankfurt
86%
CountryIndonesia
86%
CountryIran
86%
CountrySaudi Arabia
86%
EmbassyTehran
86%
CountryUnited Arab Emirates
86%
Consulate-GeneralAlmaty
83%
CountryAzerbaijan
83%
EmbassyBaku
83%
EmbassyBishkek
83%
CountryItaly
83%
EmbassyKabul
83%
EmbassyLondon
83%
CountryMalaysia
83%
EmbassyRome
83%
CountryTurkey
83%
EmbassyWashington D.C.
83%
CountryBelgium
80%
CountryEgypt
80%
EmbassyJakarta
80%
EmbassyMadrid
80%
Consulate-GeneralNew York City
80%
Permanent MissionNew York City
80%
CountryPakistan
80%
EmbassySeoul
80%
Consulate-GeneralShanghai
80%
CountryUkraine
80%
EmbassyAbu Dhabi
77%
EmbassyAshgabat
77%
CountryAustria
77%
EmbassyBrussels
77%
CountryGreece
77%
EmbassyIslamabad
77%
CountryIsrael
77%
EmbassyKuala Lumpur
77%
EmbassyTel Aviv
77%
EmbassyVienna
77%
Consulate-GeneralVladivostok
77%
EmbassyAnkara
74%
Consulate-GeneralAthens
74%
EmbassyCairo
74%
Consulate-GeneralDubai
74%
EmbassyDushanbe
74%
Permanent MissionGeneva
74%
EmbassyKyiv
74%
CountryThailand
74%
Consulate-GeneralIstanbul
71%
EmbassyRiyadh
71%
CountryBelarus
69%
CountryKuwait
69%
EmbassyKuwait City
69%
CountryLatvia
69%
EmbassyMinsk
69%
CountryOman
69%
Consulate-GeneralBangkok
66%
Consulate-GeneralJeddah
66%
CountryPoland
66%
EmbassyRiga
66%
CountrySingapore
66%
EmbassySingapore
66%
EmbassyWarsaw
66%
EmbassyMuscat
63%
Consulate-GeneralNovosibirsk
63%
Consulate-GeneralGuangzhou
57%
Consulate-GeneralYekaterinburg
57%
Consulate-GeneralKazan
54%
ConsulateMazar-i-Sharif
49%
Consulate-GeneralRostov on Don
49%
Consulate-GeneralAktau
37%

Score Distribution

Percentile by Number Answered

Percent of People with Each Score

Your Score History

You have not taken this quiz